[Event "Paul Keres Memorial Festival 2014"]
[Site "?"]
[Date "2014.01.14"]
[Round "7.12"]
[White "Koop, Vyacheslav"]
[Black "Gorbatov, Alexej"]
[Result "0-1"]
[WhiteElo "2199"]
[BlackElo "2359"]
[PlyCount "120"]
[EventDate "2014.01.13"]
[SourceDate "2014.01.14"]

1. e4 c6 2. d4 d5 3. Nc3 dxe4 4. Nxe4 h6 5. Ng3 Nf6 6. Nf3 Bg4 7. Be2 Nbd7 8.
O-O e6 9. b3 Bd6 10. Bb2 Qc7 11. Ne5 Bxe2 12. Qxe2 O-O 13. Rfe1 Rfe8 14. Rad1
Rad8 15. Ne4 Nxe4 16. Qxe4 Bb4 17. Re3 Nxe5 18. Qxe5 Bd6 19. Qh5 Bf4 20. Red3
Rd5 21. Qh4 Bg5 22. Qe4 Bf6 23. g3 Red8 24. Bc1 b5 25. a3 Qb6 26. Be3 Qa6 27.
Bc1 Be7 28. h4 Bxa3 29. c4 R5d6 30. Bf4 R6d7 31. c5 Rd5 32. Be5 Qb7 33. g4 f6
34. Bd6 Qf7 35. Rg3 Bxc5 36. Bxc5 Rxc5 37. Re1 Rcd5 38. Qxe6 Qxe6 39. Rxe6 R5d6
40. Re7 R8d7 41. Rxd7 Rxd7 42. Rd3 Rd5 43. b4 h5 44. f3 g5 45. hxg5 Rxg5 46.
Kg2 hxg4 47. f4 Rd5 48. Kg3 f5 49. Kh4 Kf7 50. Kg5 Ke6 51. Rc3 Kd6 52. Rd3 Kc7
53. Ra3 Kb7 54. Rd3 a5 55. bxa5 c5 56. a6+ Kxa6 57. Ra3+ Kb6 58. dxc5+ Kxc5 59.
Kf6 b4 60. Ra8 Kc4 0-1

[Event "Paul Keres Memorial Festival 2014"]
[Site "?"]
[Date "2014.01.14"]
[Round "7.13"]
[White "Sirosh, Ilja"]
[Black "Tokranovs, Dmitrijs"]
[Result "1/2-1/2"]
[WhiteElo "2105"]
[BlackElo "2238"]
[PlyCount "239"]
[EventDate "2014.01.13"]
[SourceDate "2014.01.15"]

1. d4 d5 2. c4 e6 3. Nc3 Nf6 4. cxd5 exd5 5. Bg5 Be7 6. e3 c6 7. Bd3 Nbd7 8.
Nf3 O-O 9. O-O h6 10. Bh4 Ne4 11. Bxe7 Qxe7 12. Qc2 Re8 13. Rab1 b6 14. b4 Bb7
15. Qb3 Qd6 16. Rb2 a5 17. a3 b5 18. Qc2 f5 19. Rbb1 axb4 20. axb4 Ra3 21. Ne2
Ra4 22. Qb2 Rea8 23. Bc2 Ra2 24. Qc1 Bc8 25. Ne5 Nxe5 26. dxe5 Qxe5 27. Bxe4
dxe4 28. Qxc6 Be6 29. Nd4 Bc4 30. Rfe1 f4 31. Qc5 Qf6 32. Qc6 Qxc6 33. Nxc6 f3
34. gxf3 exf3 35. Nd4 R8a6 36. Nxf3 Bd3 37. Ne5 Bxb1 38. Rxb1 Rc2 39. Rf1 Ra4
40. Rb1 Raa2 41. Nd3 Kf7 42. Kg2 Rd2 43. Rb3 Ra6 44. Kf3 Rd6 45. Ke4 g5 46. Rc3
Kg6 47. Ne5+ Kh5 48. f3 Rxh2 49. Rc5 Kh4 50. Rxb5 Kg3 51. Rb8 Rh4+ 52. Kf5 Kf2
53. f4 gxf4 54. exf4 Rd4 55. Ng6 Rh1 56. b5 Rb4 57. Ne5 Ke3 58. Ng4+ Kd4 59.
Rd8+ Kc5 60. Rh8 h5 61. Kg5 Rxb5 62. Rxh5 Kd4+ 63. f5 Rg1 64. Kf4 Rf1+ 65. Kg3
Rb8 66. Rg5 Rb3+ 67. Kg2 Ra1 68. f6 Ra2+ 69. Nf2 Rbb2 70. Rf5 Ke3 71. Rf3+ Kd4
72. f7 Ra8 73. f8=Q Rxf8 74. Rxf8 Ra2 75. Kf3 Rc2 76. Rd8+ Ke5 77. Nd3+ Kf5 78.
Rd5+ Ke6 79. Nf4+ Kf6 80. Kg4 Rc1 81. Rf5+ Ke7 82. Ra5 Kd6 83. Rd5+ Kc6 84. Rd8
Rg1+ 85. Kf5 Kc5 86. Nd3+ Kc6 87. Ne5+ Kc5 88. Ke6 Rh1 89. Rd5+ Kb4 90. Rd3 Kc5
91. Nf3 Kc4 92. Rd8 Kc3 93. Ke5 Rh7 94. Ke4 Rh1 95. Rc8+ Kb4 96. Kd5 Rd1+ 97.
Nd4 Rh1 98. Rc4+ Ka5 99. Ne6 Rh5+ 100. Kc6 Rh6 101. Re4 Rf6 102. Kd5 Kb5 103.
Nc7+ Kb6 104. Ne8 Rh6 105. Ng7 Kb5 106. Ne6 Rh5+ 107. Kd6 Rh6 108. Rf4 Rg6 109.
Kd5 Rg2 110. Rc4 Rh2 111. Nd4+ Kb6 112. Rb4+ Ka5 113. Kc4 Rh4 114. Rb1 Ka6 115.
Kc5 Rh5+ 116. Kd6 Ka5 117. Ne2 Rh6+ 118. Kc5 Rh5+ 119. Kc4 Ka6 120. Nd4 1/2-1/2

[Event "Paul Keres Memorial Festival 2014"]
[Site "?"]
[Date "2014.01.14"]
[Round "7.14"]
[White "Mertanen, Janne"]
[Black "Medar, Marti"]
[Result "1-0"]
[WhiteElo "2334"]
[BlackElo "2002"]
[PlyCount "119"]
[EventDate "2014.01.13"]
[SourceDate "2014.01.15"]

1. d4 c6 2. c4 d6 3. Nc3 Qc7 4. Nf3 Bg4 5. e4 Nd7 6. Be2 Ngf6 7. O-O e5 8. d5
Be7 9. Ne1 Bxe2 10. Qxe2 O-O 11. Nd3 cxd5 12. cxd5 Nc5 13. Nxc5 dxc5 14. Nb5
Qd7 15. Na3 Ne8 16. Nc4 f6 17. a4 Nd6 18. b3 Nxc4 19. bxc4 Bd6 20. Be3 Rf7 21.
Rfb1 g6 22. Rb5 Rc8 23. a5 f5 24. Bc1 f4 25. Qf3 g5 26. h3 Kg7 27. Qh5 h6 28.
f3 Rc7 29. Rab1 Qe7 30. Bd2 Qf6 31. h4 gxh4 32. Be1 Qg5 33. Qxh4 Kh7 34. Qh3
Rg7 35. R1b2 Qg6 36. R5b3 Qf7 37. Bh4 Qh5 38. Qf5+ Qg6 39. Bf2 Rgf7 40. Qxg6+
Kxg6 41. a6 b6 42. g3 fxg3 43. Bxg3 Kh7 44. Rh2 Rg7 45. Kf2 Rcf7 46. Rb1 Rg6
47. Rh3 Rfg7 48. Rbh1 Rf7 49. R1h2 Rfg7 50. Rh1 Rf7 51. Ke2 Rfg7 52. Bf2 Rf7
53. Rh5 Kg7 54. R1h2 Rff6 55. Be3 Kh7 56. Bg5 Rxg5 57. Rxg5 Bc7 58. Rg3 Bd6 59.
Rh5 Rf7 60. Rf5 1-0

[Event "Paul Keres Memorial Festival 2014"]
[Site "?"]
[Date "2014.01.14"]
[Round "7.15"]
[White "Bernotas, Arturs"]
[Black "Dragun, Valentin"]
[Result "1-0"]
[WhiteElo "2267"]
[BlackElo "2002"]
[PlyCount "75"]
[EventDate "2014.01.13"]
[SourceDate "2014.01.14"]

1. e4 e6 2. d4 d5 3. Nd2 Nf6 4. e5 Nfd7 5. Bd3 c5 6. c3 Nc6 7. Ne2 cxd4 8. cxd4
f6 9. exf6 Qxf6 10. Nf3 h6 11. O-O Bd6 12. Be3 O-O 13. Rc1 a6 14. Bb1 Rf7 15.
Ng3 Nf8 16. Ne1 Bd7 17. f4 Na5 18. b3 Ba3 19. Rc3 Bb5 20. Rf2 Bb4 21. Rcc2 Bxe1
22. Qxe1 Nc6 23. Qd2 Ne7 24. a4 Bc6 25. Ne2 Nf5 26. Nc1 Ng6 27. Rc3 Raf8 28.
Nd3 h5 29. Ne5 Nxe5 30. dxe5 Qh4 31. Bc5 Rd8 32. Bc2 d4 33. Rh3 Qxh3 34. gxh3
Rd5 35. Bxf5 exf5 36. Bd6 Rd7 37. Qb4 a5 38. Qc4 1-0

[Event "Paul Keres Memorial Festival 2014"]
[Site "?"]
[Date "2014.01.14"]
[Round "7.16"]
[White "Vepkhishvili, Varlam"]
[Black "Haavamae, Henrik"]
[Result "1-0"]
[WhiteElo "2185"]
[BlackElo "2017"]
[PlyCount "87"]
[EventDate "2014.01.13"]
[SourceDate "2014.01.14"]

1. d4 Nf6 2. Bf4 g6 3. c3 Bg7 4. Nf3 O-O 5. e3 d6 6. Be2 Nbd7 7. O-O Qe8 8. h3
e5 9. Bh2 Qe7 10. Nbd2 e4 11. Ne1 Re8 12. b4 Nf8 13. a4 a5 14. b5 h5 15. Rc1
Nd5 16. Qb3 Qg5 17. h4 Qf5 18. c4 Nf6 19. b6 c5 20. Bxd6 cxd4 21. exd4 Ne6 22.
Nc2 Nf4 23. Rce1 Nxe2+ 24. Rxe2 Qg4 25. Rfe1 Qxh4 26. Be5 Bf5 27. c5 Rxe5 28.
dxe5 Ng4 29. Qg3 Qxg3 30. fxg3 Rc8 31. Nxe4 Bxe4 32. Rxe4 Rxc5 33. e6 fxe6 34.
Nd4 e5 35. Ne6 Rc6 36. Nxg7 Kxg7 37. Rb1 Kf6 38. Ree1 Rc3 39. Rf1+ Ke6 40. Rf3
Rc4 41. Rf8 Rc3 42. Rb8 Ra3 43. Rxb7 h4 44. Rh7 1-0

[Event "Paul Keres Memorial Festival 2014"]
[Site "Tallinn"]
[Date "2014.01.15"]
[Round "8.1"]
[White "Yemelin, Vasily"]
[Black "Danin, Alexandre"]
[Result "1/2-1/2"]
[WhiteElo "2558"]
[BlackElo "2602"]
[PlyCount "39"]
[EventDate "2014.??.??"]

1. e4 e5 2. Nf3 Nc6 3. Bb5 a6 4. Ba4 Nf6 5. O-O Be7 6. d3 b5 7. Bb3 O-O 8. Nc3
d6 9. a3 Bg4 10. Be3 Nd4 11. Bxd4 exd4 12. Nd5 Nd7 13. h3 Bxf3 14. Nxe7+ Qxe7
15. Qxf3 Rac8 16. Qe2 Nc5 17. Ba2 Nd7 18. Bb3 Nc5 19. Ba2 Na4 20. Rab1 1/2-1/2

[Event "Paul Keres Memorial Festival 2014"]
[Site "Tallinn"]
[Date "2014.01.15"]
[Round "8.2"]
[White "Gleizerov, Evgeny"]
[Black "Ladva, Ottomar"]
[Result "1-0"]
[WhiteElo "2534"]
[BlackElo "2337"]
[PlyCount "151"]
[EventDate "2014.??.??"]

1. d4 d5 2. c4 e6 3. Nf3 Nf6 4. g3 Bb4+ 5. Bd2 Be7 6. Bg2 O-O 7. O-O c6 8. Qb3
Nbd7 9. Bb4 b6 10. Bxe7 Qxe7 11. Nc3 a5 12. cxd5 cxd5 13. Rfc1 Ba6 14. e3 Qb4
15. Bf1 Bxf1 16. Kxf1 Qxb3 17. axb3 Rfc8 18. Nb5 Ne8 19. Rc3 Kf8 20. Rac1 Rxc3
21. Rxc3 Ke7 22. Rc6 Rb8 23. Ke2 Rb7 24. Rc8 Rb8 25. Rc6 Rb7 26. Kd3 Kd8 27.
Ne5 Nb8 28. Rc1 f6 29. Nc6+ Nxc6 30. Rxc6 Kd7 31. Rc1 Nc7 32. Nxc7 Rxc7 33. Ra1
Kc6 34. Rc1+ Kb7 35. Ra1 Ka6 36. b4 Kb5 37. bxa5 bxa5 38. b3 h5 39. h3 Rc8 40.
Ra2 Rc1 41. Rc2 Rxc2 42. Kxc2 Kb4 43. f4 Ka3 44. g4 g6 45. gxh5 gxh5 46. Kc3 h4
47. e4 f5 48. e5 Ka2 49. b4 axb4+ 50. Kxb4 Kb2 51. Kc5 Kc3 52. Kd6 Kxd4 53.
Kxe6 Kc4 54. Kxf5 d4 55. e6 d3 56. e7 d2 57. e8=Q d1=Q 58. Qe6+ Kc5 59. Kg5 Qf3
60. Qg4 Qg3 61. Kh5 Kd4 62. Qxh4 Qg7 63. Qg5 Qf7+ 64. Kg4 Qe6+ 65. f5 Qe2+ 66.
Kh4 Qe1+ 67. Kh5 Qe8+ 68. Qg6 Qe5 69. Qe6 Qh8+ 70. Kg4 Qg7+ 71. Qg6 Qd7 72.
Qf6+ Kd5 73. Kg5 Qc7 74. Qe6+ Kd4 75. f6 Qc1+ 76. Kg6 1-0

[Event "Paul Keres Memorial Festival 2014"]
[Site "Tallinn"]
[Date "2014.01.15"]
[Round "8.3"]
[White "Smirnov, Artem"]
[Black "Miezis, Normunds"]
[Result "1-0"]
[WhiteElo "2418"]
[BlackElo "2555"]
[PlyCount "113"]
[EventDate "2014.??.??"]

1. d4 Nf6 2. c4 e6 3. Nc3 Bb4 4. e3 c5 5. Nge2 cxd4 6. exd4 O-O 7. a3 Be7 8.
Nf4 d5 9. cxd5 Nxd5 10. Ncxd5 exd5 11. Bd3 Nc6 12. O-O Bf6 13. Be3 g6 14. Rc1
Ne7 15. Qb3 Bg7 16. Rfd1 Bg4 17. Re1 Qd7 18. Bb5 Qd8 19. Bf1 Rb8 20. Nd3 Nf5
21. Bf4 Nxd4 22. Qa4 b5 23. Qxa7 Rc8 24. Be5 Rxc1 25. Rxc1 Ne6 26. Bxg7 Kxg7
27. Ne5 Bf5 28. Bxb5 d4 29. Re1 Qg5 30. Nf3 Qf4 31. Bd7 d3 32. Qe3 Qxe3 33.
fxe3 Rd8 34. Bxe6 fxe6 35. e4 Bg4 36. Rd1 Bxf3 37. gxf3 Rc8 38. Rxd3 Rc1+ 39.
Kf2 Rc2+ 40. Kg3 Rxb2 41. Rd7+ Kh6 42. h4 Ra2 43. Ra7 e5 44. a4 Ra1 45. a5 g5
46. hxg5+ Kxg5 47. Rxh7 Rxa5 48. Rf7 Kg6 49. Rf5 Rb5 50. Kg4 Ra5 51. f4 Ra1 52.
Rxe5 Rg1+ 53. Kf3 Rf1+ 54. Kg3 Kf6 55. Rb5 Re1 56. Rb6+ Kf7 57. e5 1-0

[Event "Paul Keres Memorial Festival 2014"]
[Site "Tallinn"]
[Date "2014.01.15"]
[Round "8.4"]
[White "Malakhatko, Vadim"]
[Black "Vovk, Ilja"]
[Result "1-0"]
[WhiteElo "2549"]
[BlackElo "2299"]
[PlyCount "101"]
[EventDate "2014.??.??"]

1. c4 c5 2. g3 g6 3. Bg2 Bg7 4. Nc3 Nc6 5. a3 Nf6 6. Rb1 O-O 7. b4 cxb4 8. axb4
h5 9. Nf3 Ng4 10. O-O Nge5 11. Nxe5 Nxe5 12. Qb3 d6 13. d3 Nc6 14. e3 Bf5 15.
Ne4 Qc8 16. Re1 h4 17. Bd2 hxg3 18. hxg3 Bh3 19. Bh1 Qg4 20. f3 Qd7 21. b5 Nd8
22. Nf2 Be6 23. f4 f6 24. Ra1 Bf7 25. Ra3 e5 26. Qa2 d5 27. Bxd5 Bxd5 28. cxd5
exf4 29. gxf4 Qxb5 30. e4 Nf7 31. Rxa7 Rxa7 32. Qxa7 Rc8 33. Qa2 Qd7 34. Qb3 g5
35. Rb1 Rb8 36. Qb6 Nd8 37. fxg5 fxg5 38. Bxg5 Nf7 39. Bf4 Rf8 40. Qe6 Qa4 41.
Rxb7 Qa1+ 42. Kg2 Qa2 43. Bg3 Qe2 44. d6 Bd4 45. Qg4+ Qxg4 46. Nxg4 Ng5 47.
Nh6+ Kh8 48. Nf5 Bf6 49. Bh4 Nh7 50. Bxf6+ Nxf6 51. Kf3 1-0

[Event "Paul Keres Memorial Festival 2014"]
[Site "Tallinn"]
[Date "2014.01.15"]
[Round "8.5"]
[White "Azarov, Sergei"]
[Black "Lintchevski, Daniil"]
[Result "1/2-1/2"]
[WhiteElo "2616"]
[BlackElo "2541"]
[PlyCount "86"]
[EventDate "2014.??.??"]

1. e4 e6 2. d4 d5 3. Nd2 c5 4. Ngf3 cxd4 5. exd5 Qxd5 6. Bc4 Qd7 7. O-O Nc6 8.
Nb3 a6 9. Qe2 b5 10. Bd3 Bb7 11. Bg5 h6 12. Bh4 Be7 13. Rfe1 Nf6 14. Rad1 O-O
15. Nbxd4 Nxd4 16. Nxd4 Qd5 17. Qf3 Qxf3 18. Nxf3 Bxf3 19. gxf3 Rfc8 20. f4 Kf8
21. f5 Nh5 22. Bxe7+ Kxe7 23. Re4 Rab8 24. fxe6 fxe6 25. Rde1 Rb6 26. Rh4 Nf6
27. a4 Rc5 28. axb5 axb5 29. Kf1 b4 30. b3 Rh5 31. Ree4 Rxh4 32. Rxh4 Kd6 33.
Rd4+ Ke5 34. Rc4 Nd5 35. h4 g5 36. hxg5 hxg5 37. Ke2 Rb7 38. Be4 Rb6 39. Bxd5
exd5 40. Rg4 Kf5 41. Rd4 Ke5 42. Rg4 Kf5 43. Rd4 Ke5 1/2-1/2

[Event "Paul Keres Memorial Festival 2014"]
[Site "?"]
[Date "2014.01.15"]
[Round "8.6"]
[White "Iordachescu, Viorel"]
[Black "Okhotnik, Vladimir"]
[Result "1-0"]
[WhiteElo "2611"]
[BlackElo "2357"]
[PlyCount "109"]
[EventDate "2014.01.13"]
[SourceDate "2014.01.15"]

1. e4 d6 2. d4 Nf6 3. Bd3 e5 4. c3 Nc6 5. Nf3 d5 6. dxe5 dxe4 7. exf6 Qxd3 8.
Qxd3 exd3 9. Bg5 Bg4 10. Nbd2 h6 11. fxg7 Bxg7 12. Bf4 O-O-O 13. O-O-O a5 14.
Rde1 Rd5 15. a4 Rhd8 16. Re3 b5 17. axb5 Rxb5 18. Re4 Be6 19. Rhe1 Kb7 20. R1e3
Rc5 21. Ne1 Rcd5 22. Rg3 Bf8 23. Ra4 Bc5 24. Be3 Bd6 25. Rg7 Ne7 26. g4 Be5 27.
Rh7 Rh8 28. Rxh8 Bxh8 29. Nb3 Kb8 30. Nxa5 f5 31. h3 fxg4 32. hxg4 Bd7 33. Rb4+
Kc8 34. Nb3 h5 35. gxh5 Rxh5 36. Nxd3 Nd5 37. Re4 Bf5 38. Re8+ Kd7 39. Ra8 Nxe3
40. Nbc5+ Ke7 41. fxe3 Bg7 42. e4 Bh7 43. Rc8 Kd6 44. Rd8+ Kc6 45. Re8 Rh2 46.
Kb1 Rg2 47. Re6+ Kb5 48. Re7 Kb6 49. Nd7+ Kb5 50. Nf6 Bxf6 51. Rxh7 Kc4 52. Nf4
Rg1+ 53. Kc2 c5 54. Rb7 Bxc3 55. b3+ 1-0

[Event "Paul Keres Memorial Festival 2014"]
[Site "?"]
[Date "2014.01.15"]
[Round "8.7"]
[White "Kveinys, Aloyzas"]
[Black "Shalamberidze, Akaki"]
[Result "1/2-1/2"]
[WhiteElo "2540"]
[BlackElo "2372"]
[PlyCount "59"]
[EventDate "2014.01.13"]
[SourceDate "2014.01.15"]

1. d4 d5 2. Nf3 Nf6 3. c4 dxc4 4. e3 e6 5. Bxc4 a6 6. O-O c5 7. dxc5 Bxc5 8.
Qxd8+ Kxd8 9. Ne5 Ke7 10. Be2 Nbd7 11. Nd3 Bd6 12. Nd2 Nc5 13. Nxc5 Bxc5 14.
Nb3 Bd6 15. Bf3 Rb8 16. Bd2 Bd7 17. Na5 Nd5 18. Nc4 Bc5 19. Rfc1 Rhc8 20. e4
Nb6 21. Ne5 Bd4 22. Nxd7 Nxd7 23. Rxc8 Rxc8 24. Rc1 Rxc1+ 25. Bxc1 Nc5 26. e5
a5 27. Kf1 b6 28. b3 Bxe5 29. Ba3 Bd4 30. Be2 1/2-1/2

[Event "Paul Keres Memorial Festival 2014"]
[Site "?"]
[Date "2014.01.15"]
[Round "8.8"]
[White "Kantans, Toms"]
[Black "Meijers, Viesturs"]
[Result "1-0"]
[WhiteElo "2412"]
[BlackElo "2464"]
[PlyCount "65"]
[EventDate "2014.01.13"]
[SourceDate "2014.01.15"]

1. e4 c5 2. Nf3 a6 3. Nc3 b5 4. d4 cxd4 5. Nxd4 Bb7 6. Bd3 g6 7. O-O Bg7 8. Be3
Nc6 9. Nb3 Ne5 10. Bd4 Kf8 11. f4 Nxd3 12. Qxd3 d6 13. a4 b4 14. Bxg7+ Kxg7 15.
Qd4+ Nf6 16. Qxb4 Rb8 17. Qd4 Re8 18. Rad1 h5 19. h3 Ba8 20. a5 Kg8 21. Qe3 Qc7
22. f5 Kg7 23. Nd4 Qxa5 24. fxg6 fxg6 25. Nd5 Rxb2 26. Ra1 Ra2 27. Ne6+ Kf7 28.
Ng5+ Kg7 29. Nxf6 exf6 30. Qa7+ Kh6 31. Nf7+ Kg7 32. Nxd6+ Kh6 33. Rxa2 1-0

[Event "Paul Keres Memorial Festival 2014"]
[Site "?"]
[Date "2014.01.15"]
[Round "8.9"]
[White "Gorbatov, Alexej"]
[Black "Agopov, Mikael"]
[Result "0-1"]
[WhiteElo "2359"]
[BlackElo "2413"]
[PlyCount "94"]
[EventDate "2014.01.13"]
[SourceDate "2014.01.15"]

1. Nf3 c5 2. c4 Nc6 3. d4 cxd4 4. Nxd4 e6 5. a3 Nf6 6. Nc3 Bc5 7. Nb3 Be7 8. e4
O-O 9. Be2 b6 10. Be3 Bb7 11. O-O Rc8 12. f4 d6 13. Bd3 Qc7 14. Qf3 Rfe8 15.
Qh3 g6 16. Rac1 Bf8 17. Nd2 Bg7 18. Nf3 Qe7 19. b4 Nd7 20. Bf2 Qf8 21. Rfd1 Nf6
22. Bb1 h5 23. Kh1 Ng4 24. Bg1 Bh6 25. Qg3 e5 26. f5 Bf4 27. Qe1 gxf5 28. exf5
Nd4 29. Be4 Bxe4 30. Nxe4 Nxf5 31. Rc3 Qh6 32. Rcd3 Re6 33. c5 bxc5 34. bxc5
dxc5 35. Bxc5 Nfe3 36. Rd8+ Re8 37. Rxe8+ Rxe8 38. Rd6 Qh7 39. Nf6+ Nxf6 40.
Rxf6 Qg7 41. Bxe3 Qxf6 42. Bxa7 e4 43. Ng1 e3 44. Qe2 Qf5 45. Bd4 Bxh2 46. Nf3
Bf4 47. Bb2 Rb8 0-1

[Event "Paul Keres Memorial Festival 2014"]
[Site "?"]
[Date "2014.01.15"]
[Round "8.11"]
[White "Mertanen, Janne"]
[Black "Vepkhishvili, Varlam"]
[Result "1-0"]
[WhiteElo "2334"]
[BlackElo "2185"]
[PlyCount "67"]
[EventDate "2014.01.13"]
[SourceDate "2014.01.15"]

1. d4 Nf6 2. Bg5 c5 3. d5 Qb6 4. Nc3 Qxb2 5. Bd2 Qb6 6. e4 d6 7. f4 e5 8. f5
Be7 9. Qf3 Na6 10. g4 Nb4 11. Kd1 Bd7 12. a3 Rc8 13. g5 Ng8 14. h4 a5 15. Nge2
c4 16. Rb1 h6 17. Be3 Rc5 18. Na2 hxg5 19. axb4 gxh4 20. Nec3 axb4 21. Rxb4 Qa5
22. Bxc5 dxc5 23. Rxb7 Nf6 24. Bxc4 Qa8 25. Rb1 Nh5 26. d6 Bd8 27. Nb5 Nf4 28.
Nac3 Bxf5 29. Nd5 Bxe4 30. Qxe4 O-O 31. Ne7+ Bxe7 32. Qxa8 Rxa8 33. dxe7 Re8
34. Bxf7+ 1-0

[Event "Paul Keres Memorial Festival 2014"]
[Site "?"]
[Date "2014.01.15"]
[Round "8.13"]
[White "Tsoganova, Monika"]
[Black "Bernotas, Arturs"]
[Result "1/2-1/2"]
[WhiteElo "2102"]
[BlackElo "2267"]
[PlyCount "90"]
[EventDate "2014.01.13"]
[SourceDate "2014.01.15"]

1. d4 d5 2. c4 e6 3. g3 Nf6 4. Bg2 dxc4 5. Nf3 Nc6 6. O-O Rb8 7. a4 a6 8. Nc3
Be7 9. e4 O-O 10. d5 exd5 11. exd5 Nb4 12. Ne5 Bf5 13. Qf3 Bd3 14. Rd1 Nd7 15.
Nxd3 cxd3 16. Bf4 Nc5 17. Qh5 Bd6 18. Bg5 f6 19. Be3 Qe8 20. Qh4 Nd7 21. Rac1
f5 22. Bd2 Qf7 23. Qc4 Rfe8 24. Re1 Rxe1+ 25. Rxe1 Nb6 26. Qb3 Nc2 27. Rd1 Nd4
28. Qa2 f4 29. gxf4 Ne2+ 30. Nxe2 dxe2 31. Re1 Re8 32. a5 Nd7 33. Qc4 b5 34.
axb6 Nxb6 35. Qc6 Re7 36. Be3 Bxf4 37. Bxb6 Bd2 38. d6 Bxe1 39. Bd5 Bxf2+ 40.
Bxf2 e1=Q+ 41. Bxe1 Rxe1+ 42. Kg2 Re2+ 43. Kg3 Re3+ 44. Kg2 Re2+ 45. Kg3 Re3+
1/2-1/2

[Event "Paul Keres Memorial Festival 2014"]
[Site "?"]
[Date "2014.01.15"]
[Round "8.15"]
[White "Abozenko, Georg"]
[Black "Dubrovin, Robert"]
[Result "0-1"]
[WhiteElo "1931"]
[BlackElo "2216"]
[PlyCount "68"]
[EventDate "2014.01.13"]
[SourceDate "2014.01.15"]

1. d4 Nf6 2. c4 e6 3. Nf3 Bb4+ 4. Nbd2 b6 5. e3 Bb7 6. Bd3 O-O 7. O-O d5 8. a3
Bd6 9. b4 c5 10. Qb3 Qc7 11. Rb1 cxb4 12. axb4 dxc4 13. Nxc4 Bd5 14. Qc2 Be7
15. Qe2 Ne4 16. Bd2 b5 17. Na3 a6 18. Rfc1 Qd6 19. Be1 Nd7 20. Nd2 Nxd2 21.
Bxd2 Bb7 22. Nc2 e5 23. f3 Bf6 24. Bc3 Rac8 25. Ba1 Rfe8 26. Bf5 exd4 27. Nxd4
Rxc1+ 28. Rxc1 Nb6 29. Qc2 g6 30. Qc5 Rd8 31. Be4 Bxe4 32. fxe4 Nc4 33. Nc6 Qd2
34. Rf1 Nxe3 0-1

[Event "Paul Keres Memorial Festival 2014"]
[Site "?"]
[Date "2014.01.15"]
[Round "8.16"]
[White "Ceponis, Tadas"]
[Black "Krupenski, Juri"]
[Result "0-1"]
[WhiteElo "1949"]
[BlackElo "2300"]
[PlyCount "78"]
[EventDate "2014.01.13"]
[SourceDate "2014.01.15"]

1. d4 Nf6 2. c4 e6 3. Nf3 b6 4. a3 Ba6 5. Qc2 c5 6. d5 exd5 7. cxd5 g6 8. Nc3
Bg7 9. g3 O-O 10. Bg2 d6 11. O-O Re8 12. Re1 b5 13. e4 Nbd7 14. Bf1 Qb6 15. h3
Rac8 16. Bf4 c4 17. e5 dxe5 18. Nxe5 Nc5 19. Nc6 Nxd5 20. Nxd5 Qxc6 21. Ne7+
Rxe7 22. Rxe7 Bb7 23. f3 Ne6 24. Rxe6 Qxe6 25. Qf2 Rd8 26. Re1 Bd4 27. Be3 Re8
28. Bxd4 Qxe1 29. Bxa7 Qd1 30. Kg2 Re1 31. h4 Bxf3+ 32. Qxf3 Qxf3+ 33. Kxf3
Rxf1+ 34. Ke4 Rd1 35. Bd4 f5+ 36. Kd5 Kf7 37. Kc5 Ke6 38. Be3 Rd5+ 39. Kc6 Rd3
0-1

[Event "Paul Keres Memorial Festival 2014"]
[Site "Tallinn"]
[Date "2014.01.16"]
[Round "9.2"]
[White "Gleizerov, Evgeny"]
[Black "Yemelin, Vasily"]
[Result "1/2-1/2"]
[WhiteElo "2534"]
[BlackElo "2558"]
[PlyCount "27"]
[EventDate "2014.??.??"]

1. d4 Nf6 2. c4 e6 3. g3 Bb4+ 4. Bd2 Be7 5. Bg2 d5 6. Nf3 c6 7. Qb3 O-O 8. O-O
Nbd7 9. Bb4 b6 10. Bxe7 Qxe7 11. Nc3 Bb7 12. cxd5 cxd5 13. Rfc1 Rfc8 14. e3
1/2-1/2

[Event "Paul Keres Memorial Festival 2014"]
[Site "Tallinn"]
[Date "2014.01.16"]
[Round "9.3"]
[White "Agopov, Mikael"]
[Black "Smirnov, Artem"]
[Result "1/2-1/2"]
[WhiteElo "2413"]
[BlackElo "2418"]
[PlyCount "131"]
[EventDate "2014.??.??"]

1. e4 c5 2. Nf3 d6 3. d4 cxd4 4. Nxd4 Nf6 5. Nc3 Bd7 6. Bg5 e6 7. Ndb5 Bc6 8.
Bxf6 gxf6 9. Qh5 a6 10. Nd4 Bd7 11. O-O-O Nc6 12. Nb3 b5 13. f4 Qb6 14. Kb1 Ne7
15. f5 e5 16. Be2 Rc8 17. Rd2 Rxc3 18. bxc3 Rg8 19. Rhd1 Nc8 20. c4 Rg5 21.
Qxh7 bxc4 22. Bxc4 Rg7 23. Qh4 a5 24. a4 Qb4 25. Bd5 Nb6 26. c3 Qxc3 27. Qh3
Nxd5 28. Rxd5 Qb4 29. Qf3 Bxa4 30. R1d3 Bc6 31. Ka2 a4 32. Nd2 Rh7 33. Rc3
Bxd5+ 34. exd5 Kd7 35. Ne4 Be7 36. h3 Rh4 37. g4 Rh8 38. Qd3 Rb8 39. Qc2 Qb5
40. Rc4 Kd8 41. g5 Qxd5 42. gxf6 Bxf6 43. Nxf6 Qb5 44. Ne4 Qb3+ 45. Qxb3 axb3+
46. Kb2 d5 47. Rc5 dxe4 48. Rxe5 Rb4 49. h4 e3 50. Rxe3 Rxh4 51. Kxb3 Rf4 52.
Re5 Kd7 53. Kc3 Kd6 54. Ra5 Ke7 55. Kd3 Kf6 56. Ke3 Rxf5 57. Ra8 Rb5 58. Kf3
Kf5 59. Ra7 f6 60. Ra4 Rb3+ 61. Kf2 Kg5 62. Ra5+ f5 63. Ra4 Rh3 64. Kg2 Rc3 65.
Kf2 f4 66. Ra8 1/2-1/2

[Event "Paul Keres Memorial Festival 2014"]
[Site "Tallinn"]
[Date "2014.01.16"]
[Round "9.4"]
[White "Ladva, Ottomar"]
[Black "Iordachescu, Viorel"]
[Result "0-1"]
[WhiteElo "2337"]
[BlackElo "2611"]
[PlyCount "96"]
[EventDate "2014.??.??"]

1. d4 Nf6 2. c4 e6 3. Nc3 Bb4 4. e3 O-O 5. Nge2 c6 6. a3 Ba5 7. b4 Bc7 8. Ng3
d5 9. Bd3 e5 10. cxd5 exd4 11. exd4 Re8+ 12. Be2 Nxd5 13. Nxd5 Qxd5 14. O-O Be6
15. Be3 Nd7 16. Rc1 Qd6 17. b5 Bd5 18. bxc6 bxc6 19. Bf3 Nb6 20. Bd2 a5 21. Rc5
Nd7 22. Rc3 Nf6 23. Qc2 Ne4 24. Re3 Nxd2 25. Qxd2 Bxf3 26. Rxf3 Rad8 27. Rd1 g6
28. Qc2 Re6 29. h3 Bb6 30. Rfd3 Qe7 31. Nf1 Qf6 32. Qd2 Red6 33. Ne3 Rxd4 34.
Rxd4 Rxd4 35. Qc2 Rxd1+ 36. Nxd1 Bd4 37. Qa4 Qe5 38. Qc2 Qe1+ 39. Kh2 c5 40.
Qd3 h5 41. Kg3 a4 42. Qc2 Qe5+ 43. Kf3 Qd5+ 44. Ke2 Qxg2 45. Qxa4 Qxh3 46. Qa8+
Kg7 47. a4 Qe6+ 48. Kf1 c4 0-1

[Event "Paul Keres Memorial Festival 2014"]
[Site "?"]
[Date "2014.01.16"]
[Round "9.5"]
[White "Miezis, Normunds"]
[Black "Kantans, Toms"]
[Result "1-0"]
[WhiteElo "2555"]
[BlackElo "2412"]
[PlyCount "71"]
[EventDate "2014.01.13"]
[SourceDate "2014.01.16"]

1. c4 e6 2. e4 d5 3. exd5 exd5 4. d4 Nf6 5. Nc3 Bb4 6. Bd3 O-O 7. Nge2 c5 8.
O-O dxc4 9. Bxc4 Nc6 10. Bg5 Nxd4 11. Ne4 Bg4 12. Bxf6 gxf6 13. f3 Bf5 14. N2g3
Bg6 15. f4 Bxe4 16. Nxe4 f5 17. Nc3 Ba5 18. a4 Qh4 19. Nd5 Rad8 20. Ra3 Rd6 21.
Rh3 Qd8 22. Qh5 h6 23. Ne3 Qf6 24. Bd3 Bc7 25. Bxf5 Re8 26. Bd3 Nf3+ 27. Rhxf3
Rxd3 28. Ng4 Qd4+ 29. Kh1 Rxf3 30. Nxh6+ Kg7 31. Nf5+ Kf8 32. Qh6+ Kg8 33. gxf3
Bxf4 34. Qh4 Qe5 35. Rg1+ Kf8 36. Qg4 1-0

[Event "Paul Keres Memorial Festival 2014"]
[Site "Tallinn"]
[Date "2014.01.16"]
[Round "9.6"]
[White "Dubrovin, Robert"]
[Black "Azarov, Sergei"]
[Result "0-1"]
[WhiteElo "2216"]
[BlackElo "2616"]
[PlyCount "82"]
[EventDate "2014.??.??"]

1. d4 d5 2. c4 e6 3. Nc3 Be7 4. cxd5 exd5 5. Bf4 Nf6 6. e3 Bf5 7. Bd3 Bxd3 8.
Qxd3 c6 9. Nge2 Nh5 10. Be5 Nd7 11. g4 Nhf6 12. Bf4 Nf8 13. f3 Ne6 14. Bg3 h5
15. gxh5 Nxh5 16. O-O-O Qa5 17. e4 dxe4 18. fxe4 Nxg3 19. hxg3 Rxh1 20. Rxh1
Qg5+ 21. Kb1 O-O-O 22. d5 cxd5 23. exd5 Nc5 24. Qf3 Qg6+ 25. Ka1 Kb8 26. Rf1
Qb6 27. Qf4+ Bd6 28. Qc4 f6 29. Rd1 a6 30. Nf4 Be5 31. Nd3 Nxd3 32. Qxd3 g5 33.
g4 Qb4 34. Qf3 Rh8 35. Rd2 Qf4 36. Qd3 Qxg4 37. a3 Rh3 38. Qe4 Qxe4 39. Nxe4
Rxa3+ 40. Kb1 Re3 41. Nc5 Kc7 0-1